[Event "CZE-chT2A 1819"]
[Site "Czech Republic"]
[Date "2019.02.10"]
[Round "8.8"]
[White "Loskot, Petr"]
[Black "Novak, Vaclav2222"]
[Result "0-1"]
[WhiteElo "2032"]
[BlackElo "1794"]
[PlyCount "68"]
[EventDate "2018.10.14"]
[EventType "team-tourn"]
[EventRounds "11"]
[EventCountry "CZE"]
[SourceTitle "EXT 2022"]
[Source "ChessBase"]
[SourceDate "2021.10.06"]
[SourceVersion "1"]
[SourceVersionDate "2021.10.06"]
[SourceQuality "1"]
[WhiteTeam "Tabor"]
[BlackTeam "Strakonice"]
[WhiteTeamCountry "CZE"]
[BlackTeamCountry "CZE"]

1. e4 e5 2. Nf3 Nc6 3. Nc3 d6 4. d4 exd4 5. Nxd4 Nxd4 6. Qxd4 Nf6 7. Bc4 Be7 8. 0-0 0-0 9. b3 c6 10. Bb2 Ne8 11. Rad1 Bf6 12. e5 c5 13. Qe3 Be7 14. Rfe1 Bd7 15. e6 Bxe6 16. Bxe6 fxe6 17. Qxe6+ Rf7 18. Nd5 Bf8 19. Qg4 Qc8 20. Qg3 Qf5 21. Re2 Rd8 22. Qh4 Rc8 23. c4 Nc7 24. Ne3 Qf4 25. Qh3 Re8 26. Red2 Re6 27. g3 Qf3 28. Qg2 g6 29. Qxf3 Rxf3 30. Ng2 Rf7 31. Nf4 Re4 32. Kg2 Re8 33. Nd5 Nxd5 34. Rxd5 Re2 0-1

[Event "CZE-chT2A 1819"]
[Site "Czech Republic"]
[Date "2018.12.02"]
[Round "4.7"]
[White "Petras, Milan"]
[Black "Loskot, Petr"]
[Result "0-1"]
[WhiteElo "2029"]
[BlackElo "2032"]
[PlyCount "114"]
[EventDate "2018.10.14"]
[EventType "team-tourn"]
[EventRounds "11"]
[EventCountry "CZE"]
[SourceTitle "EXT 2022"]
[Source "ChessBase"]
[SourceDate "2021.10.06"]
[SourceVersion "1"]
[SourceVersionDate "2021.10.06"]
[SourceQuality "1"]
[WhiteTeam "Pribram Banik"]
[BlackTeam "Tabor"]
[WhiteTeamCountry "CZE"]
[BlackTeamCountry "CZE"]

1. e4 e6 2. d4 d5 3. Nd2 Nc6 4. Ngf3 Nf6 5. e5 Nd7 6. Bb5 f6 7. exf6 Qxf6 8. Bxc6 bxc6 9. 0-0 Bd6 10. Re1 0-0 11. Qe2 Re8 12. Ne5 Bxe5 13. dxe5 Qf5 14. Nf3 Qh5 15. Qe3 c5 16. c3 Rb8 17. b3 Bb7 18. Qg5 Qxg5 19. Nxg5 h6 20. Nh3 g5 21. f4 gxf4 22. Bxf4 Kg7 23. Rad1 Rf8 24. Rd3 Rf7 25. Rg3+ Kh7 26. Rg4 Rg7 27. Rxg7+ Kxg7 28. Re3 d4 29. Rg3+ Kh7 30. cxd4 cxd4 31. Nf2 Rg8 32. Rxg8 Kxg8 33. Bxh6 Nxe5 34. Bf4 Ng6 35. Bxc7 e5 36. Bb8 Kf7 37. Bxa7 Ke6 38. g3 Kd5 39. h4 e4 40. h5 Ne5 41. Nh3 e3 42. h6 Ke4 43. h7 Nf3+ 44. Kg2 e2 45. h8Q e1Q 46. Qh7+ Ke3 47. Qxb7 Qe2+ 48. Nf2 Qxf2+ 49. Kh3 Qh2+ 50. Kg4 Ne5+ 51. Kg5 Qxg3+ 52. Kf6 Qf4+ 53. Kg7 Qg5+ 54. Kf8 Qf6+ 55. Ke8 Qh8+ 56. Ke7 Qh7+ 57. Ke6 Qxb7 0-1

[Event "CZE-chT2C 1617"]
[Site "Czech Republic"]
[Date "2016.11.27"]
[Round "4.3"]
[White "Spacek, Petr"]
[Black "Loskot, Petr"]
[Result "1-0"]
[WhiteElo "2373"]
[BlackElo "2086"]
[PlyCount "115"]
[EventDate "2016.10.09"]
[EventType "team-tourn"]
[EventRounds "11"]
[EventCountry "CZE"]
[SourceTitle "EXT 2022"]
[Source "ChessBase"]
[SourceDate "2021.10.06"]
[SourceVersion "1"]
[SourceVersionDate "2021.10.06"]
[SourceQuality "1"]
[WhiteTeam "Lysa nad Labem III"]
[BlackTeam "Tabor"]
[WhiteTeamCountry "CZE"]
[BlackTeamCountry "CZE"]

1. d4 d5 2. c4 e6 3. Nc3 Nf6 4. cxd5 exd5 5. Bg5 Be7 6. e3 c6 7. Bd3 h6 8. Bh4 Nbd7 9. Nge2 Ne4 10. Bxe7 Qxe7 11. Bxe4 dxe4 12. Ng3 0-0 13. Ngxe4 f5 14. Nd2 f4 15. e4 Kh8 16. Nf3 b5 17. a3 b4 18. axb4 Qxb4 19. Qd2 Rb8 20. 0-0 Qxb2 21. Qxb2 Rxb2 22. Rxa7 Rc2 23. Ra3 Re8 24. Rb1 g5 25. h3 Kg7 26. e5 c5 27. Ne4 cxd4 28. Nd6 Rxe5 29. Nxe5 Nxe5 30. Ra5 Nc6 31. Ra8 Be6 32. Re8 Kf6 33. Ne4+ Kf7 34. Nd6+ Kf6 35. Rd1 Bd5 36. Ne4+ Kf7 37. Nd6+ Kf6 38. Nb5 Rc4 39. Nd6 Rc2 40. Nb5 Rc4 41. Rh8 Kg7 42. Rc8 Kf6 43. Rc7 h5 44. Rd7 Rc5 45. Nxd4 Nxd4 46. Rxd4 Be6 47. Rd8 Rc1+ 48. Kh2 Re1 49. h4 f3 50. gxf3 gxh4 51. Rxh4 Ke7 52. Rd3 Re5 53. Re3 Rf5 54. Rhe4 Rf6 55. Kg3 Kd6 56. Rf4 Rh6 57. Kh4 Bd7 58. Rd4+ 1-0

[Event "Tatry op"]
[Site "Tatranske Zruby"]
[Date "2015.10.02"]
[Round "8"]
[White "Loskot, Petr"]
[Black "Sikorova, Olga"]
[Result "0-1"]
[WhiteElo "2065"]
[BlackElo "2228"]
[PlyCount "54"]
[EventDate "2015.09.26"]
[EventType "swiss"]
[EventRounds "9"]
[EventCountry "SVK"]
[SourceTitle "CBM 168 Extra"]
[Source "ChessBase"]
[SourceDate "2015.10.29"]
[SourceVersion "1"]
[SourceVersionDate "2015.10.29"]
[SourceQuality "1"]

1. e4 c5 2. Nf3 Nf6 3. Nc3 Nc6 4. d4 d5 5. exd5 Nxd5 6. Bc4 Nxc3 7. bxc3 e6 8. 0-0 Be7 9. Be3 Qa5 10. Qd2 0-0 11. Rfd1 cxd4 12. cxd4 Qxd2 13. Rxd2 Na5 14. Be2 b6 15. c4 Ba6 16. c5 Bxe2 17. Rxe2 Nc4 18. cxb6 axb6 19. a4 b5 20. Rea2 b4 21. Rb1 Na3 22. Rb3 Rxa4 23. Ne5 Rfa8 24. Kf1 Nb5 25. Rxa4 Rxa4 26. Nc6 Bf8 27. Bd2 Ra6 0-1

[Event "Tatry op"]
[Site "Tatranske Zruby"]
[Date "2015.09.28"]
[Round "4"]
[White "Borsos, Bogdan"]
[Black "Loskot, Petr"]
[Result "1-0"]
[WhiteElo "2243"]
[BlackElo "2065"]
[PlyCount "125"]
[EventDate "2015.09.26"]
[EventType "swiss"]
[EventRounds "9"]
[EventCountry "SVK"]
[SourceTitle "CBM 168 Extra"]
[Source "ChessBase"]
[SourceDate "2015.10.29"]
[SourceVersion "1"]
[SourceVersionDate "2015.10.29"]
[SourceQuality "1"]

1. d4 d5 2. c4 dxc4 3. e4 e5 4. Nf3 exd4 5. Qxd4 Qxd4 6. Nxd4 Bc5 7. Nb5 Na6 8. Bxc4 c6 9. N5a3 Nc7 10. 0-0 Nf6 11. Re1 0-0 12. Bg5 Ng4 13. Bh4 Ne5 14. Bf1 Ne6 15. Bg3 Ng6 16. Nc3 b5 17. Nc2 h5 18. h3 h4 19. Bh2 a5 20. Rad1 Nef4 21. Nd4 Bxd4 22. Rxd4 Be6 23. e5 Nd5 24. Nxd5 Bxd5 25. a3 Rfe8 26. Bd3 Rad8 27. e6 Bxe6 28. Rxd8 Rxd8 29. Bxg6 fxg6 30. Bc7 Re8 31. Bxa5 Bf7 32. Re3 Rxe3 33. fxe3 Bd5 34. Bd8 Kf7 35. Bxh4 Ke6 36. Be1 g5 37. Bc3 g6 38. g4 Be4 39. Ba5 Ke7 40. Kf2 Bh1 41. Bb6 Bd5 42. Bd4 Bh1 43. Bc5+ Ke6 44. Bb6 Ke7 45. Bc5+ Ke6 46. b3 Be4 47. a4 bxa4 48. bxa4 Kd5 49. Be7 Bd3 50. Bxg5 Ke4 51. Be7 Bc4 52. a5 Bd3 53. h4 Bc4 54. Kg3 Ke5 55. Bc5 Kd5 56. Bb6 Ke4 57. Bd4 c5 58. Bxc5 Bb5 59. h5 gxh5 60. gxh5 Kf5 61. h6 Kg6 62. Bf8 Kh7 63. e4 1-0

[Event "CZE-chT2A 1011"]
[Site "Czech Republic"]
[Date "2010.11.21"]
[Round "3"]
[White "Loskot, Petr"]
[Black "Eretova, Jana"]
[Result "1-0"]
[WhiteElo "2060"]
[BlackElo "2133"]
[PlyCount "101"]
[EventDate "2010.10.17"]
[EventType "team-tourn"]
[EventRounds "11"]
[EventCountry "CZE"]
[SourceTitle "EXT 2012"]
[Source "ChessBase"]
[SourceDate "2011.11.24"]
[SourceVersion "1"]
[SourceVersionDate "2011.11.24"]
[SourceQuality "1"]
[WhiteTeam "Tabor"]
[BlackTeam "Plzen Letna"]
[WhiteTeamCountry "CZE"]
[BlackTeamCountry "CZE"]

1. e4 c5 2. Nf3 Nc6 3. d4 cxd4 4. Nxd4 Qb6 5. Nb3 Nf6 6. Nc3 e6 7. Be3 Qc7 8. a3 a6 9. Be2 b5 10. 0-0 Bb7 11. Nc5 Bc8 12. Nd3 d6 13. f4 Na5 14. e5 Nc4 15. Bd4 Nd5 16. Nxd5 exd5 17. b3 dxe5 18. fxe5 Nxa3 19. Rc1 Be7 20. Bg4 h5 21. Bxh5 g6 22. Bf3 Be6 23. Qd2 Rh4 24. Bf2 Rh7 25. c3 g5 26. h3 a5 27. Rfe1 a4 28. bxa4 Nc4 29. Qc2 Bf5 30. axb5 Qd7 31. Qe2 Qxb5 32. Rb1 Qa5 33. Bd4 Rd8 34. Ra1 Qb5 35. Reb1 Qc6 36. Ra7 Qg6 37. Rbb7 Bxd3 38. Rxe7+ Kf8 39. Qf2 Bf5 40. Bc5 Kg8 41. Bd1 g4 42. e6 Ne5 43. Bd4 Bxe6 44. Bxe5 Qb1 45. Qc2 Qb6+ 46. Bd4 Qd6 47. Rxe6 Qxe6 48. Bxg4 Qe1+ 49. Kh2 Re8 50. Qf5 Qd2 51. Bf3 1-0

[Event "CZE-chT2A 0910"]
[Site "Czech Republic"]
[Date "2010.02.14"]
[Round "7.6"]
[White "Loskot, Petr"]
[Black "Vanka, Miloslav"]
[Result "0-1"]
[WhiteElo "2025"]
[BlackElo "2156"]
[PlyCount "74"]
[EventDate "2009.10.18"]
[EventType "team-tourn"]
[EventRounds "11"]
[EventCountry "CZE"]
[SourceTitle "EXT 2012"]
[Source "ChessBase"]
[SourceDate "2011.11.24"]
[SourceVersion "1"]
[SourceVersionDate "2011.11.24"]
[SourceQuality "1"]
[WhiteTeam "Tabor"]
[BlackTeam "Praha Bohemians II"]
[WhiteTeamCountry "CZE"]
[BlackTeamCountry "CSR"]

1. e4 c5 2. Nf3 Nc6 3. d4 cxd4 4. Nxd4 e5 5. Nb5 d6 6. N1c3 a6 7. Na3 Be6 8. Bc4 Nf6 9. Bg5 b5 10. Bxf6 Qxf6 11. Bd5 Rc8 12. Bxc6+ Rxc6 13. Nd5 Qg6 14. Qf3 Bxd5 15. exd5 Rc5 16. c3 Be7 17. Rd1 0-0 18. 0-0 Rfc8 19. Rfe1 Bd8 20. Qd3 f5 21. Nc2 a5 22. Re2 e4 23. Qg3 b4 24. Qxg6 hxg6 25. g4 bxc3 26. bxc3 Bf6 27. Ne3 Bg5 28. gxf5 Bxe3 29. Rxe3 gxf5 30. c4 Rxc4 31. Kg2 Rc3 32. Re2 Rc2 33. Rdd2 Rxd2 34. Rxd2 Rc5 35. Kg3 Kf7 36. Kf4 Kf6 37. h4 Rc3 0-1

[Event "CZE-chT2A 0910"]
[Site "Czech Republic"]
[Date "2010.01.31"]
[Round "6.6"]
[White "Janocko, Petr"]
[Black "Loskot, Petr"]
[Result "0-1"]
[WhiteElo "2050"]
[BlackElo "2025"]
[PlyCount "114"]
[EventDate "2009.10.18"]
[EventType "team-tourn"]
[EventRounds "11"]
[EventCountry "CZE"]
[SourceTitle "EXT 2012"]
[Source "ChessBase"]
[SourceDate "2011.11.24"]
[SourceVersion "1"]
[SourceVersionDate "2011.11.24"]
[SourceQuality "1"]
[WhiteTeam "Plzen Letna"]
[BlackTeam "Tabor"]
[WhiteTeamCountry "CZE"]
[BlackTeamCountry "CZE"]

1. d4 d5 2. Nf3 Nf6 3. c4 dxc4 4. Nc3 a6 5. a4 e6 6. e4 Bb4 7. Bg5 h6 8. Bxf6 Qxf6 9. Bxc4 c5 10. 0-0 cxd4 11. e5 Qe7 12. Qxd4 Nc6 13. Qg4 0-0 14. Ne4 Kh8 15. Rad1 Bd7 16. Qh5 Na5 17. Rxd7 Qxd7 18. Nf6 Qd8 19. Ba2 Be7 20. Ng4 Bg5 21. Bb1 g6 22. Qh3 h5 23. Re1 Kg7 24. Nxg5 Qxg5 25. Nf6 Nc4 26. f4 Qxf4 27. Qd3 Rh8 28. Ne4 Rac8 29. g3 Qxe5 30. Rf1 Rhd8 31. Qf3 f5 32. Ng5 Qc5+ 33. Rf2 Qd5 34. Be4 Qd1+ 35. Rf1 Qxf3 36. Bxf3 Rd6 37. Bxb7 Rb8 38. Rc1 Rxb7 39. Rxc4 Rd1+ 40. Kf2 Rxb2+ 41. Ke3 Re1+ 42. Kd4 Rb7 43. Kd3 Rd7+ 44. Kc2 Re2+ 45. Kc3 Kf6 46. h4 Re3+ 47. Kb4 Rxg3 48. Rc6 Rg4+ 49. Ka5 Rd5+ 50. Kb6 Rxh4 51. Nxe6 Ke5 52. Nf8 Rb4+ 53. Ka7 Rxa4 54. Nxg6+ Ke4 55. Re6+ Kf3 56. Ne5+ Rxe5 57. Rxe5 Kg4 0-1

[Event "CZE-chT2A 0809"]
[Site "Czech Republic"]
[Date "2009.03.22"]
[Round "10.7"]
[White "Loskot, Petr"]
[Black "Hosticka, Frantisek"]
[Result "0-1"]
[WhiteElo "2103"]
[BlackElo "2178"]
[PlyCount "66"]
[EventDate "2008.10.12"]
[EventType "team-tourn"]
[EventRounds "11"]
[EventCountry "CZE"]
[SourceTitle "EXT 2010"]
[Source "ChessBase"]
[SourceDate "2010.11.25"]
[SourceVersion "1"]
[SourceVersionDate "2010.11.25"]
[SourceQuality "1"]
[WhiteTeam "Tabor Sokol"]
[BlackTeam "Ceske Budejovice"]
[WhiteTeamCountry "CZE"]
[BlackTeamCountry "CZE"]

1. e4 a6 2. d4 b5 3. Nf3 Bb7 4. Bd3 e6 5. 0-0 c5 6. c3 cxd4 7. cxd4 Nc6 8. a4 Nb4 9. axb5 Nxd3 10. Qxd3 axb5 11. Rxa8 Qxa8 12. d5 b4 13. Rd1 exd5 14. exd5 Bd6 15. Nd4 Ne7 16. Nb5 Qa6 17. Nd2 0-0 18. Ne4 Bb8 19. Nc5 Qa8 20. Nxb7 Qxb7 21. d6 Ng6 22. Qc4 Re8 23. Kf1 h6 24. Be3 Re5 25. Nc7 Ra5 26. Qg4 Ne5 27. Qg3 Bxc7 28. Bxh6 Ng6 29. dxc7 gxh6 30. Rxd7 Ra1+ 31. Ke2 Qe4+ 32. Qe3 Qg4+ 33. Qf3 Qxd7 0-1

[Event "CZE-chT2A 0809"]
[Site "Czech Republic"]
[Date "2009.02.22"]
[Round "9.6"]
[White "Hlavacek, Karel"]
[Black "Loskot, Petr"]
[Result "0-1"]
[WhiteElo "2116"]
[BlackElo "2103"]
[PlyCount "68"]
[EventDate "2008.10.12"]
[EventType "team-tourn"]
[EventRounds "11"]
[EventCountry "CZE"]
[SourceTitle "EXT 2010"]
[Source "ChessBase"]
[SourceDate "2010.11.25"]
[SourceVersion "1"]
[SourceVersionDate "2010.11.25"]
[SourceQuality "1"]
[WhiteTeam "Pribram Pyrit"]
[BlackTeam "Tabor Sokol"]
[WhiteTeamCountry "CZE"]
[BlackTeamCountry "CZE"]

1. e4 e6 2. d4 d5 3. e5 c5 4. c3 Qb6 5. a3 Nh6 6. b4 cxd4 7. Bxh6 gxh6 8. cxd4 Bg7 9. Nf3 0-0 10. Bd3 f6 11. exf6 Bxf6 12. Nc3 Nc6 13. Na4 Qc7 14. Rc1 Qg7 15. 0-0 Nxd4 16. Nxd4 Bxd4 17. Qb3 Rf7 18. Rc2 b6 19. Nc3 Bb7 20. Ne2 Be5 21. Ng3 Qg5 22. Re1 Raf8 23. Rf1 Bd4 24. Qa2 h5 25. Nh1 e5 26. Rd2 Kh8 27. Bb1 Rg7 28. g3 h4 29. Qc2 h5 30. Kg2 Qg4 31. h3 Qf3+ 32. Kh2 hxg3+ 33. Nxg3 Bxf2 34. Rdxf2 Qxg3+ 0-1

[Event "CZE-chTJ 0102"]
[Site "Czech Republic"]
[Date "2002.??.??"]
[Round "8"]
[White "Loskot, Petr"]
[Black "Hlavacek, Karel"]
[Result "0-1"]
[WhiteElo "1955"]
[BlackElo "1840"]
[PlyCount "72"]
[EventDate "2001.??.??"]
[EventType "team"]
[EventRounds "11"]
[EventCountry "CZE"]
[SourceTitle "EXT 2003"]
[Source "ChessBase"]
[SourceDate "2002.11.25"]
[SourceVersion "1"]
[SourceVersionDate "2002.11.25"]
[SourceQuality "1"]
[WhiteTeam "Ceske Budejovice"]
[BlackTeam "Pribram"]
[WhiteTeamCountry "CZE"]
[BlackTeamCountry "CZE"]

1. e4 c5 2. Nf3 Nc6 3. d4 cxd4 4. Nxd4 e5 5. Nb5 d6 6. N1c3 a6 7. Na3 Be6 8. Bc4 b5 9. Bd5 Rc8 10. Ne2 Bxd5 11. Qxd5 Nf6 12. Qd3 d5 13. exd5 Qxd5 14. 0-0 Qxd3 15. cxd3 Bxa3 16. bxa3 0-0 17. Bb2 Rfd8 18. Rfd1 Nd5 19. Rac1 f6 20. Kf1 Nb6 21. f4 Nd5 22. Kf2 exf4 23. Kf3 Ne5+ 24. Bxe5 fxe5 25. Ke4 Ne3 26. Rg1 Ng4 27. Rxc8 Rxc8 28. Kf5 Nxh2 29. Kxe5 Re8+ 30. Kd6 Rxe2 31. d4 Rxa2 32. d5 Rd2 33. Kc6 Ng4 34. d6 Ne5+ 35. Kc7 Kf7 36. Re1 Ke6 0-1

[Event "CZE-chTJ 0102"]
[Site "Czech Republic"]
[Date "2002.??.??"]
[Round "8"]
[White "Reischig, Tomas"]
[Black "Loskot, Petr"]
[Result "0-1"]
[WhiteElo "2096"]
[BlackElo "1955"]
[PlyCount "86"]
[EventDate "2001.??.??"]
[EventType "team"]
[EventRounds "11"]
[EventCountry "CZE"]
[SourceTitle "EXT 2003"]
[Source "ChessBase"]
[SourceDate "2002.11.25"]
[SourceVersion "1"]
[SourceVersionDate "2002.11.25"]
[SourceQuality "1"]
[WhiteTeam "Domazlice"]
[BlackTeam "Ceske Budejovice"]
[WhiteTeamCountry "CZE"]
[BlackTeamCountry "CZE"]

1. e4 e6 2. d4 d5 3. Nc3 Nf6 4. e5 Nfd7 5. f4 c5 6. Nf3 Nc6 7. Be3 a6 8. Qd2 b5 9. dxc5 Bxc5 10. Bxc5 Nxc5 11. Nd4 Bb7 12. a3 Qe7 13. Be2 Rd8 14. Qe3 Nxd4 15. Qxd4 Ne4 16. 0-0 f5 17. exf6 Qxf6 18. Qxf6 gxf6 19. Nxe4 dxe4 20. Rad1 Ke7 21. Kf2 Bd5 22. Ke3 h5 23. g3 f5 24. a4 bxa4 25. Rd4 Bc6 26. Rxd8 Rxd8 27. Bxa6 Rb8 28. Rb1 Bd5 29. b4 axb3 30. cxb3 Ra8 31. Be2 Ra3 32. Bd1 Ra2 33. Be2 h4 34. gxh4 e5 35. Bc4 Bxc4 36. bxc4 Ra3+ 37. Kf2 exf4 38. Rb7+ Kf6 39. c5 Ra2+ 40. Kg1 f3 41. Rb6+ Ke5 42. c6 e3 43. Rb3 Ra1+ 0-1

[Event "Klatovy op-A"]
[Site "Klatovy"]
[Date "2001.??.??"]
[Round "?"]
[White "Folkova, Martina"]
[Black "Loskot, Petr"]
[Result "0-1"]
[WhiteElo "2175"]
[BlackElo "1890"]
[PlyCount "94"]
[EventDate "2001.07.??"]
[EventType "swiss"]
[EventRounds "9"]
[EventCountry "CZE"]
[SourceTitle "EXT 2006"]
[Source "ChessBase"]
[SourceDate "2005.11.24"]
[SourceVersion "1"]
[SourceVersionDate "2005.11.24"]
[SourceQuality "1"]

1. e4 e6 2. d4 d5 3. Nd2 Nc6 4. Ngf3 Nf6 5. e5 Nd7 6. c3 f6 7. exf6 Qxf6 8. Bb5 e5 9. 0-0 Bd6 10. Qb3 e4 11. Re1 Nb6 12. Nxe4 dxe4 13. Rxe4+ Kf8 14. Bg5 Qf7 15. c4 Na5 16. Qe3 Bf5 17. c5 Nbc4 18. Qe2 Bxe4 19. Qxe4 Be7 20. Re1 Bf6 21. b4 c6 22. Ba4 Nb2 23. bxa5 Nxa4 24. Qc2 Re8 25. Rxe8+ Qxe8 26. Bxf6 gxf6 27. Qxa4 Rg8 28. a6 Qe4 29. Qb3 bxa6 30. g3 Rg7 31. a4 Re7 32. a5 Qd5 33. Qd3 Rd7 34. Kg2 Qxc5 35. Qxh7 Rxh7 36. dxc5 Rh5 37. Nd4 Rd5 38. Nxc6 Rxc5 39. Nxa7 Ke8 40. h4 Kd7 41. g4 Rc7 42. Kf3 Rxa7 43. Ke4 Ke6 44. f4 Rb7 45. h5 Rb4+ 46. Kf3 Ra4 47. h6 Kf7 0-1